Τρίτη ηλικία και ποιότητα ζωής : πτυχιακή εργασία
Αποθηκεύτηκε σε:
| Κύριος συγγραφέας: | |
|---|---|
| Συγγραφή απο Οργανισμό/Αρχή: | |
| Άλλοι συγγραφείς: | |
| Μορφή: | Thesis Βιβλίο |
| Γλώσσα: | Greek |
| Δημοσίευση: |
Μυτιλήνη :
Πανεπιστήμιο Αιγαίου, Σχολή Κοινωνικών Επιστημών, Τμήμα Κοινωνιολογίας,
[2006?]
|
| Θέματα: | |
| Ετικέτες: |
Προσθήκη ετικέτας
Δεν υπάρχουν, Καταχωρήστε ετικέτα πρώτοι!
|
MARC
| LEADER | 00000cam a2200000 i 4500 | ||
|---|---|---|---|
| 001 | 1/40860 | ||
| 008 | 070208s2006 gre d | ||
| 035 | |l 10086935 | ||
| 040 | |a GR-MY-UA |b gre |e aacr | ||
| 041 | 0 | |a gre | |
| 082 | 0 | |a 305.26 |2 (22) | |
| 100 | 1 | |a Πολίτου, Θεολογία. | |
| 245 | 1 | 0 | |a Τρίτη ηλικία και ποιότητα ζωής : |b πτυχιακή εργασία / |c Πολίτου Θεολογία ; υπεύθυνη καθηγήτρια Ζήση Αναστασία |
| 260 | |a Μυτιλήνη : |b Πανεπιστήμιο Αιγαίου, Σχολή Κοινωνικών Επιστημών, Τμήμα Κοινωνιολογίας, |c [2006?] | ||
| 300 | |a 93 σ.; |c 30 εκ. | ||
| 502 | # | # | |a Πτυχιακή εργασία – Πανεπιστήμιο Αιγαίου, Λέσβος, 2006. |
| 504 | |a Βιβλιογραφία: σ. 88-93 | ||
| 650 | 0 | 0 | |a Older people |x Care. |
| 650 | 0 | 0 | |a Older people |x Social aspects. |
| 650 | 0 | 0 | |a Old age. |
| 650 | 0 | 0 | |a Older people |x Psychology. |
| 650 | 0 | 0 | |a Quality of life. |
| 650 | 0 | 0 | |a Dissertations, Academic |z Greece. |
| 700 | 1 | |4 ths |a Ζήση, Αναστασία. | |
| 710 | 2 | |a Πανεπιστήμιο Αιγαίου |b Σχολή Κοινωνικών Επιστημών |b Τμήμα Κοινωνιολογίας. | |
| 852 | |a INST |b LESVOS |c DIATR |e 20070208 |h 277 |p 005100036565 |q 005100036565 |t DIE |y 23 | ||
| 852 | |a INST |b LESVOS |c DIATR |e 20070208 |h 278 |p 005100036564 |q 005100036564 |t DIE |y 23 | ||
| 901 | |a BIBL1-2007-1 | ||
| 909 | |a Λ |b 130545 | ||
| 909 | |a Λ |b 130546 | ||
| 924 | |a ΠΟΛΙΤΟΥ |b ΘΕΟΛΟΓΙΑ |y ΛΕΣΒΟΣ |z 2006-11 | ||
| 970 | |a ΒΑΡΚΑ |b ΕΛΕΥΘΕΡΙΑ |z 2007/02/08 | ||